Parole - Karma de Bigflo et Oli - Statistiques

Statistiques générales
  • Ce quiz a été pris 38 fois
  • Le résultat moyen est 392 sur 500
Statistiques - réponses
Réponse % Correct
C'
100%
karma
100%
KARMA
100%
Karma
100%
à
96%
A
96%
a
96%
d'
96%
j'
96%
J'
96%
l'
96%
la
96%
La
96%
le
96%
Le
96%
qu'
96%
s'
96%
ça
92%
C'est
92%
c'est
92%
de
92%
en
92%
faire
92%
les
92%
m'
92%
me
92%
n'
92%
On
92%
on
92%
t'
92%
dans
88%
Laisse
88%
ma
88%
que
88%
soir
88%
tu
88%
vie
88%
abyssal
83%
attend
83%
attends
83%
au
83%
cartes
83%
dit
83%
Et
83%
et
83%
femme
83%
grand
83%
il
83%
J'ai
83%
Je
83%
je
83%
nous
83%
Qu'on
83%
sa
83%
su
83%
un
83%
une
83%
vide
83%
Des
79%
des
79%
du
79%
étoiles
79%
fait
79%
foetale
79%
lit
79%
Mais
79%
mais
79%
mes
79%
moi
79%
Mon
79%
mon
79%
par
79%
pas
79%
plus
79%
position
79%
qui
79%
sais
79%
sur
79%
voit
79%
avais
75%
croire
75%
elle
75%
Elle
75%
fond
75%
hôpital
75%
lu
75%
mal
75%
mets
75%
mort
75%
parrain
75%
pleuré
75%
porte
75%
pragmatique
75%
prier
75%
principal
75%
se
75%
Si
75%
si
75%
tire
75%
toi
75%
ai
71%
appart
71%
aurais
71%
avec
71%
briller
71%
derrière
71%
end
71%
envers
71%
esprit
71%
étale
71%
fois
71%
happy
71%
histoire
71%
marché
71%
même
71%
noir
71%
Oli
71%
partout
71%
problèmes
71%
qu'il
71%
univers
71%
vrai
71%
bien
67%
bonheur
67%
capitaine
67%
chanté
67%
chez
67%
ciel
67%
claque
67%
crevais
67%
dur
67%
espère
67%
étais
67%
foudre
67%
froid
67%
garder
67%
gaz
67%
justice
67%
petit
67%
prières
67%
protèges
67%
règles
67%
sait
67%
sang
67%
sera
67%
tout
67%
tué
67%
viendrait
67%
viennes
67%
allées
63%
appelé
63%
avait
63%
barque
63%
boule
63%
Combien
63%
eau
63%
être
63%
existait
63%
faut
63%
Faut
63%
festival
63%
foule
63%
jamais
63%
jours
63%
larmes
63%
maladie
63%
mérité
63%
Mexico
63%
peur
63%
peut
63%
pneus
63%
pour
63%
sans
63%
scène
63%
suis
63%
va
63%
ventre
63%
voisin
63%
absenté
58%
apprends
58%
as
58%
aux
58%
bonnes
58%
cachait
58%
contenu
58%
crée
58%
dernière
58%
détache
58%
double
58%
entendre
58%
Flo
58%
frère
58%
haine
58%
métro
58%
oublié
58%
parle
58%
platanes
58%
potes
58%
prenait
58%
Quand
58%
Quelques
58%
ramène
58%
soeurs
58%
tapait
58%
tard
58%
terrifié
58%
vitesse
58%
voulu
58%
âme
54%
Auto
54%
avoir
54%
chanter
54%
connaître
54%
cycle
54%
états
54%
improvise
54%
jettes
54%
marcher
54%
mélodie
54%
muslims
54%
piano
54%
religion
54%
veux
54%
voulais
54%
Dépendant
50%
Espoir
50%
gars
50%
laissais
50%
mourir
50%
renvoie
50%
Superstitieux
50%
vérité
50%
cette
46%
fixettes
46%
grattais
46%
répétant
46%
route
46%
asseoir
42%
crash
42%
Personne
42%
qu'y
42%
accrochées
38%
fleurs
38%
rencontre
38%
tocs
38%
fixais
33%
Dieu
21%
hmmm
13%
problèles
8%
Ha-ah
4%
Aucun quiz correspondant
Distribution des résultats
% des personnes avec chaque résultat
Percentile par nombre de réponses
Votre historique - résultats
Vous n’avez pas pris ce quiz